000 00457nmm a2200157Ia 4500
008 251105s9999||||xx |||||||||||||||||und||
020 _a9788433915917
041 _acat
100 _aGuasch, Pol
245 0 _aNapalm al cor
264 _a[Madrid, España] :
_bEditorial Anagrama,
_c[Fecha de publicación no identificada]
300 _a0 páginas
490 _aLlibres Anagrama
856 _uhttps://public.digitaliapublishing.com/a/80184
942 _cCF
999 _c81714
_d81714